Cartel contemporáneo polaco : (Registro nro. 40051)
[ vista simple ]
| 000 -LEADER | |
|---|---|
| fixed length control field | 01215cam a2200301 i 4500 |
| 001 - CONTROL NUMBER | |
| control field | 40051 |
| 003 - CONTROL NUMBER IDENTIFIER | |
| control field | Mx-PuUPA |
| 005 - DATE AND TIME OF LATEST TRANSACTION | |
| control field | 20260223102835.0 |
| 008 - FIXED-LENGTH DATA ELEMENTS--GENERAL INFORMATION | |
| fixed length control field | 140415s2011 mx a gr 001 0 spa d |
| 020 ## - INTERNATIONAL STANDARD BOOK NUMBER | |
| International Standard Book Number | 9786074775747 |
| 040 ## - CATALOGING SOURCE | |
| Transcribing agency | Mx-PuUPA |
| Original cataloging agency | Mx-PuUPA |
| Language of cataloging | spa |
| Modifying agency | Mx-PuUPA |
| Description conventions | rda |
| 041 1# - LANGUAGE CODE | |
| Language code of text/sound track or separate title | spa |
| Language code of original | pol |
| 245 10 - TITLE STATEMENT | |
| Title | Cartel contemporáneo polaco : |
| Remainder of title | 1945-2006 / |
| Statement of responsibility, etc. | Barbara Paciorek, selección de carteles y de textos, [editora] |
| 250 ## - EDITION STATEMENT | |
| Edition statement | Segunda edición |
| 264 #1 - PRODUCTION, PUBLICATION, DISTRIBUTION, MANUFACTURE, AND COPYRIGHT NOTICE | |
| Place of production, publication, distribution, manufacture | México, D.F. : |
| Name of producer, publisher, distributor, manufacturer | Universidad Autónoma Metropolitana ; |
| -- | Embajada de Polonia en México, |
| Date of production, publication, distribution, manufacture, or copyright notice | 2011 |
| 300 ## - PHYSICAL DESCRIPTION | |
| Extent | 174 páginas : |
| Other physical details | ilustraciones (a color) ; |
| Dimensions | 30 cm |
| 336 ## - CONTENT TYPE | |
| Fuente | rdacontent |
| Content type term | texto |
| Content type code | txt |
| 337 ## - MEDIA TYPE | |
| Source | rdamedia |
| Media type term | sin medio |
| Media type code | n |
| 338 ## - CARRIER TYPE | |
| Source | rdacarrier |
| Carrier type term | volumen |
| Carrier type code | nc |
| 490 0# - SERIES STATEMENT | |
| Series statement | Preservación y Difusión de la Cultura |
| 650 #7 - SUBJECT ADDED ENTRY--TOPICAL TERM | |
| Source of heading or term | armarc |
| Topical term or geographic name entry element | Carteles polacos |
| Chronological subdivision | Siglo XX |
| Form subdivision | Catálogos |
| 650 #7 - SUBJECT ADDED ENTRY--TOPICAL TERM | |
| Source of heading or term | armarc |
| Topical term or geographic name entry element | Carteles polacos |
| Chronological subdivision | Siglo XXI |
| Form subdivision | Catálogos |
| 700 1# - ADDED ENTRY--PERSONAL NAME | |
| Personal name | Paciorek, Barbara, |
| 9 (RLIN) | 17588 |
| Relator term | selector de carteles |
| -- | selector de textos |
| -- | editor |
| 942 ## - ADDED ENTRY ELEMENTS (KOHA) | |
| Source of classification or shelving scheme | Dewey Decimal Classification |
| Koha item type | Libro |
| Classification part | 741.67409438 |
| Item part | C2518 |
| Withdrawn status | Lost status | Source of classification or shelving scheme | Damaged status | Not for loan | Collection code | Home library | Current library | Shelving location | Date acquired | Source of acquisition | Cost, normal purchase price | Total Checkouts | Full call number | Barcode | Date last seen | Cost, replacement price | Price effective from | Koha item type |
|---|---|---|---|---|---|---|---|---|---|---|---|---|---|---|---|---|---|---|
| Dewey Decimal Classification | General | Biblioteca Karol Wojtyla | Biblioteca Karol Wojtyla | Sala general | 03/12/2013 | Donación | 0.00 | 741.67409438 C2518 2011 | 60123 | 25/02/2026 | 0.00 | 03/12/2013 | Libro |